| 000 | 00633nam a2200253Ia 4500 | ||
|---|---|---|---|
| 005 | 20260123122731.0 | ||
| 008 | 008 260114s9999 xx 000 0 eng d | ||
| 020 | _a9788132103530 | ||
| 037 | _aEBOOK | ||
| 040 | _aCRL | ||
| 040 | _beng | ||
| 040 | _cCRL | ||
| 041 | _2eng | ||
| 041 | _aeng | ||
| 084 | _qCRL | ||
| 100 |
_aArvind Sharma _91104921 |
||
| 245 | 0 | _aReservation and Affirmative Action | |
| 260 | _bSAGE | ||
| 260 | _c2005 | ||
| 856 | _uhttps://evidya.sagepub.in/library/reservation-and-affirmative-action?bookId=3840&siteName=evidya | ||
| 942 | _cEBOOK | ||
| 999 |
_c1670157 _d1670157 |
||